Дело о повсеместной подписке на сооружение памятника А. Н. Островскому

RUSMARC
00004792cmc2a2200241#x 450
00140f34304-b3a5-43c2-9705-7dd35f50a46e
00520230320155050.0
100##$a20200225l18891889k l0rusy0189 ca
1010#$arus
102##$aRU
105##$ay###
1222#$ad18891105##
$ad18891210##
2001#$aДело о повсеместной подписке на сооружение памятника А. Н. Островскому
$j5 ноября - 10 декабря 1889 г.
215##$a8 листов
$d36,5х26 см
251##$cДело
300##$aНа бланке обложки указано: "Дело Санкт-Петербургской конторы Императорских театров"
300##$aМашинописный, рукописный и печатный текст
371##$aДокумент не является опубликованным и широко распространяемым
461#0$10019264ebf8-de62-4f1a-9eb4-9f22098dbbd5
$12001
$aДирекция императорских театров МИДв
$1251
$cФонд
$1852
$j497
462#0$10016d2858c7-947f-46a8-934e-c3d97596ebca
$12001
$a1879-1918 гг.
$vД. 4026
$1251
$cОпись
$1852
$j6
801#0$aRU
$bРГИА
$c20200225
801#1$aRU
$bГлавНИВЦ
$c20200225
$2rusmarc
801#2$aRU
$bПБ им. Б.Н. Ельцина
$c20201007
$gRCR
$2rusmarc
850##$aФедеральное казенное учреждение "Российский государственный исторический архив"
852##$aРГИА
$j4026
937##$hРГИА
$d12339012
$aASBIBLIO_SCAN
035##$aRusGRCC00001495
856##$uhttp://readingroom.main.prlib.ru/item.aspx?id_node=n147678258&mode=full
600#1$2prlib_sh
$3LIBNET\UAF\0000106638
$aОстровский
$bА.Н.
$f1823 - 1886
$gАлександр Николаевич
$jАрхивные дела
$xУвековечение памяти
605##$2acquisition_Prlib
$3LIBNET\UAF\0000106615
$aА. Н. Островский
$lколлекция
605##$2acquisition_Prlib
$3DITM\AF\0000003865
$aРусский язык
$lколлекция
686##$2rubbk
$a83.3(2=Рус)5-8Островский.ю1
$vLBC/M
Формат отображения